000 00451nam a2200169Ia 4500
003 GCL
008 140319s9999 xx 000 0 ara d
040 _aGCL /
_cGCL
082 0 4 _a813.01
_bخ ب
100 1 _aخليل فاضل
245 1 0 _aالبيت والنورس /
_cخليل فاضل
250 _aالاولى
300 _a139 ص ؛
_c15 سم
650 0 4 _aالقصص العربية
650 0 4 _aالقصص القصيرة
942 _2ddc
_cBK
999 _c5833
_d5833